| 000 | 00633nam a22001937a 4500 | ||
|---|---|---|---|
| 003 | OSt | ||
| 005 | 20260422051009.0 | ||
| 008 | 260422b |||||||| |||| 00| 0 eng d | ||
| 020 | _a0-02-802063-4 | ||
| 040 |
_aDWC-Admin lib _cOC |
||
| 082 | _aCirc. 300.76 Sp769 1994 | ||
| 245 |
_aSpringboard for passing the GED: _bsocial studies test / |
||
| 260 |
_aNew York : _bGlencoe/McGraw Hill, _cc1994 |
||
| 300 |
_a300 p. _c27 cm. |
||
| 504 | _aIncludes index. | ||
| 650 | _a1. Gen. education dev't. tests. study guides. | ||
| 650 | _a2. Social sciences - problems, exercises, etc. | ||
| 942 |
_2ddc _cBK-CIRC _erevised ed. _hCirc. _n0 |
||
| 999 |
_c9675 _d9675 |
||